Statistics for Biggest Cities in the Mississippi River Basin

Click here to take the quiz!

General Stats

  • This quiz has been taken 45 times
  • The average score is 11 of 14

Answer Stats

PopulationCity% Correct
391,495New Orleans
100%
413,651Minneapolis
90%
652,717Memphis
88%
2,704,958Chicago
85%
481,420Kansas City
85%
616,261Louisville
80%
660,388Nashville
80%
860,090Columbus
78%
855,164Indianapolis
78%
638,367Oklahoma City
78%
446,970Omaha
78%
693,060Denver
66%
403,090Tulsa
59%
465,101Colorado Springs
41%

Score Distribution

Percentile by Number Answered

Percent of People with Each Score

Your Score History

You have not taken this quiz